[Event "HUN-chT2 Charousek 1213"]
[Site "Hungary"]
[Date "2012.09.16"]
[Round "1"]
[White "Horvath, Tamas3333"]
[Black "Sipos, Janos"]
[Result "1/2-1/2"]
[WhiteElo "2182"]
[BlackElo "2280"]
[PlyCount "63"]
[EventDate "2012.09.16"]
[EventType "team-tourn"]
[EventRounds "11"]
[EventCountry "HUN"]
[SourceTitle "EXT 2014"]
[Source "ChessBase"]
[SourceDate "2013.11.20"]
[SourceVersion "1"]
[SourceVersionDate "2013.11.20"]
[SourceQuality "1"]
[WhiteTeam "Gyor"]
[BlackTeam "Aquaprofit II"]
[WhiteTeamCountry "HUN"]
[BlackTeamCountry "HUN"]

1. d4 Nf6 2. Nf3 e6 3. c4 c5 4. d5 b5 5. Bg5 b4 6. Nbd2 Be7 7. Bxf6 Bxf6 8. Qc2 d6 9. e4 0-0 10. Bd3 e5 11. h3 a5 12. a4 g6 13. Nf1 Bg7 14. g4 Ra7 15. Ng3 Kh8 16. Qd2 Bd7 17. Bc2 Na6 18. b3 Nc7 19. 0-0-0 Ne8 20. Rdg1 Qf6 21. Qe3 Qf4 22. Qxf4 exf4 23. Ne2 Be5 24. Nxe5 dxe5 25. Kd2 Nd6 26. g5 Kg7 27. f3 Rc7 28. Nc1 Re8 29. h4 h5 30. Nd3 Re7 31. Bd1 Rc8 32. Bc2 1/2-1/2

[Event "Zalakaros op 31st"]
[Site "Zalakaros"]
[Date "2012.06.11"]
[Round "4"]
[White "Sipos, Janos"]
[Black "Szente Varga, Fruzsina"]
[Result "1-0"]
[WhiteElo "2223"]
[BlackElo "2009"]
[PlyCount "163"]
[EventDate "2012.06.08"]
[EventType "swiss"]
[EventRounds "9"]
[EventCountry "HUN"]
[SourceTitle "EXT 2014"]
[Source "ChessBase"]
[SourceDate "2013.11.20"]
[SourceVersion "1"]
[SourceVersionDate "2013.11.20"]
[SourceQuality "1"]

1. d4 Nf6 2. c4 g6 3. Nc3 Bg7 4. e4 d6 5. f4 c5 6. d5 e6 7. dxe6 Bxe6 8. Nf3 0-0 9. Bd3 Nc6 10. 0-0 Ne8 11. f5 Bc8 12. Bg5 Bf6 13. Bh6 Bg7 14. Qd2 a6 15. Kh1 Rb8 16. Nd5 f6 17. a4 b6 18. Rad1 Ne7 19. Bf4 Bd7 20. b3 b5 21. a5 Nc6 22. Ra1 b4 23. Bc2 g5 24. Bg3 Rf7 25. Ra2 Bc8 26. Ne3 Bb7 27. h4 h6 28. Rfa1 Bf8 29. Nd5 Ra8 30. Kg1 Ng7 31. Kf2 Ne8 32. Nh2 Nc7 33. Nb6 Rb8 34. Ng4 Ne8 35. Nd5 Nc7 36. hxg5 hxg5 37. Rh1 Nxd5 38. exd5 Nd4 39. Rh5 Bc8 40. Ne3 Rbb7 41. Rh1 Rh7 42. Rd1 Rbe7 43. Qc1 Re8 44. Rxd4 cxd4 45. Ng4 Rc7 46. Qd2 Rb7 47. Qxd4 Kf7 48. Qd2 Rbe7 49. Bd3 Rb7 50. Nh2 Qc7 51. Kg1 Qe7 52. Bf2 Bg7 53. Nf3 Rh8 54. Ra1 g4 55. Nd4 Qe5 56. g3 Bh6 57. Qe1 Qxe1+ 58. Rxe1 Bd2 59. Re2 Bc3 60. Ne6 Kg8 61. Re4 Rbh7 62. Rxg4+ Kf7 63. Be4 Bd7 64. c5 dxc5 65. Nxc5 Bb5 66. d6 Be5 67. Bd5+ Ke8 68. Nb7 Rxb7 69. Bxb7 Bxd6 70. Bd4 Be7 71. Re4 Kd7 72. Re6 Bd6 73. Bxf6 Rb8 74. Bf3 Bxg3 75. Be7 Bc7 76. Bxb4 Rg8+ 77. Kf2 Rg5 78. Re7+ Kd8 79. Rf7 Bd3 80. f6 Rf5 81. Ke3 Bb5 82. Rf8+ 1-0

[Event "HUN-chT2 Charousek 1112"]
[Site "Hungary"]
[Date "2012.04.22"]
[Round "9"]
[White "Szegi, Tamas"]
[Black "Sipos, Janos"]
[Result "0-1"]
[WhiteElo "2246"]
[BlackElo "2259"]
[PlyCount "64"]
[EventDate "2011.09.25"]
[EventType "team-tourn"]
[EventRounds "11"]
[EventCountry "HUN"]
[SourceTitle "EXT 2013"]
[Source "ChessBase"]
[SourceDate "2012.11.22"]
[SourceVersion "1"]
[SourceVersionDate "2012.11.22"]
[SourceQuality "1"]
[WhiteTeam "Kisber Aszar"]
[BlackTeam "Aquaprofit II"]
[WhiteTeamCountry "HUN"]
[BlackTeamCountry "HUN"]

1. e4 e5 2. Nf3 Nc6 3. d4 exd4 4. Nxd4 Nf6 5. Nxc6 bxc6 6. e5 Qe7 7. Qe2 Nd5 8. c4 Nb6 9. b3 a5 10. Bb2 a4 11. Nd2 axb3 12. axb3 Rxa1+ 13. Bxa1 Qa3 14. Qd1 Bb4 15. Bd3 Qa5 16. Bb2 0-0 17. Qc2 h6 18. Ke2 Re8 19. Ne4 d5 20. Ng3 Nd7 21. f4 Nc5 22. Bh7+ Kh8 23. Ra1 Qb6 24. Bd4 Qb7 25. Bxc5 Bxc5 26. cxd5 cxd5 27. Bd3 Bg4+ 28. Kf1 Be3 29. Bf5 Qb5+ 30. Bd3 Qd7 31. Ra4 d4 32. Bf5 Bxf5 0-1

[Event "HUN-chT2 Charousek 1011"]
[Site "Hungary"]
[Date "2011.05.15"]
[Round "11"]
[White "Kantor, Gergely"]
[Black "Sipos, Janos"]
[Result "1-0"]
[WhiteElo "2076"]
[BlackElo "2314"]
[PlyCount "123"]
[EventDate "2010.09.12"]
[EventType "team-tourn"]
[EventRounds "11"]
[EventCountry "HUN"]
[SourceTitle "EXT 2012"]
[Source "ChessBase"]
[SourceDate "2011.11.24"]
[SourceVersion "1"]
[SourceVersionDate "2011.11.24"]
[SourceQuality "1"]
[WhiteTeam "Decs II"]
[BlackTeam "Aquaprofit II"]
[WhiteTeamCountry "HUN"]
[BlackTeamCountry "HUN"]

1. d4 d6 2. c4 e5 3. Nf3 e4 4. Nfd2 f5 5. e3 Nf6 6. Be2 Be7 7. 0-0 0-0 8. f3 exf3 9. Bxf3 c6 10. Nc3 Be6 11. Qb3 Qc7 12. d5 Bf7 13. e4 fxe4 14. Ndxe4 Nxe4 15. Nxe4 cxd5 16. cxd5 Nc6 17. Be3 Ne5 18. Be2 Qa5 19. Qxb7 Qxd5 20. Qxd5 Bxd5 21. Nc3 Be6 22. Rxf8+ Bxf8 23. Bd4 Nc6 24. Bf3 d5 25. Bf2 Rb8 26. b3 Rd8 27. Rd1 Nb4 28. Bxa7 Nxa2 29. Nxa2 Ra8 30. Be3 Rxa2 31. Bxd5 Bxd5 32. Rxd5 Rb2 33. Rd3 Kf7 34. Bd4 Rc2 35. h3 Be7 36. Rf3+ Kg8 37. Rc3 Rd2 38. Be3 Re2 39. Kf1 Rb2 40. Bd4 Rd2 41. Rc4 Kf7 42. b4 Bf6 43. Rc7+ Kg6 44. Bc5 Rb2 45. Rb7 Kf5 46. b5 Ke4 47. b6 Rb1+ 48. Ke2 Rb2+ 49. Kd1 Rxg2 50. Rd7 Rb2 51. b7 Be5 52. Ba7 h5 53. Re7 Kd3 54. Rd7+ Ke4 55. Kc1 Rb5 56. Re7 Kf4 57. Rxe5 Kxe5 58. b8Q+ Rxb8 59. Bxb8+ Kf5 60. Kd2 g5 61. Ke3 g4 62. h4 1-0

[Event "HUN-chT2 Charousek 1011"]
[Site "Hungary"]
[Date "2011.03.27"]
[Round "7"]
[White "Nagy, Zoltan"]
[Black "Sipos, Janos"]
[Result "0-1"]
[WhiteElo "2255"]
[BlackElo "2314"]
[PlyCount "152"]
[EventDate "2010.09.12"]
[EventType "team-tourn"]
[EventRounds "11"]
[EventCountry "HUN"]
[SourceTitle "EXT 2012"]
[Source "ChessBase"]
[SourceDate "2011.11.24"]
[SourceVersion "1"]
[SourceVersionDate "2011.11.24"]
[SourceQuality "1"]
[WhiteTeam "Tapolca"]
[BlackTeam "Aquaprofit II"]
[WhiteTeamCountry "HUN"]
[BlackTeamCountry "HUN"]

1. e4 e5 2. Nf3 Nc6 3. Bc4 Nf6 4. d3 Bc5 5. c3 a6 6. 0-0 d6 7. Bb3 Ba7 8. h3 h6 9. Re1 g5 10. Be3 g4 11. hxg4 Nxg4 12. Bxa7 Nxa7 13. g3 Bd7 14. Nbd2 Qf6 15. Qe2 0-0-0 16. Kg2 Nc6 17. Nh4 h5 18. Qf3 Qg5 19. Nf1 Ne7 20. Ne3 Nh6 21. Rh1 Kb8 22. Kf1 Rdf8 23. Ke2 f5 24. Nhxf5 Nhxf5 25. Nxf5 Nxf5 26. exf5 Bxf5 27. Qe3 Bg4+ 28. Ke1 Qxe3+ 29. fxe3 Rf3 30. Bd1 Rxg3 31. Kf2 Rh3 32. Bxg4 hxg4 33. Rxh3 gxh3 34. Rh1 Ka7 35. Kg3 Rg8+ 36. Kxh3 Kb6 37. Rf1 c5 38. e4 Rg6 39. Kh2 Kc6 40. Rf8 Rg4 41. Rc8+ Kd7 42. Rf8 c4 43. Kh3 Rg1 44. dxc4 Re1 45. Kg3 Rxe4 46. Kf3 Rxc4 47. Ke3 Ra4 48. a3 Rh4 49. Rf2 Kc6 50. Kd3 a5 51. b3 b5 52. Kc2 Kd5 53. Rd2+ Kc6 54. Rg2 a4 55. Kb2 Kc5 56. Re2 e4 57. Kc2 Kd5 58. Rd2+ Ke5 59. bxa4 bxa4 60. Rd4 Rh2+ 61. Kb1 e3 62. Kc1 Ra2 63. Kd1 Rxa3 64. Rd3 Ke4 65. Rxd6 Rxc3 66. Re6+ Kd4 67. Rd6+ Kc4 68. Rc6+ Kb3 69. Rb6+ Ka2 70. Ra6 a3 71. Rb6 Rb3 72. Rc6 Rb2 73. Rc3 Rb3 74. Rc2+ Ka1 75. Rc5 a2 76. Rc4 e2+ 0-1

[Event "HUN-chT2 Charousek 0910"]
[Site "Hungary"]
[Date "2010.04.11"]
[Round "9"]
[White "Juracsik, Jozsef"]
[Black "Sipos, Janos"]
[Result "1/2-1/2"]
[WhiteElo "2273"]
[BlackElo "2257"]
[PlyCount "83"]
[EventDate "2009.11.08"]
[EventType "team-tourn"]
[EventRounds "11"]
[EventCountry "HUN"]
[SourceTitle "EXT 2011"]
[Source "ChessBase"]
[SourceDate "2010.11.26"]
[SourceVersion "1"]
[SourceVersionDate "2010.11.26"]
[SourceQuality "1"]
[WhiteTeam "Tapolca"]
[BlackTeam "Aquaprofit II"]
[WhiteTeamCountry "HUN"]
[BlackTeamCountry "HUN"]

1. e4 e5 2. Nf3 Nc6 3. Bb5 a6 4. Ba4 Nf6 5. 0-0 b5 6. Bb3 Bb7 7. d3 Bc5 8. Nc3 d6 9. a4 b4 10. Nd5 Na5 11. Ba2 Nxd5 12. Bxd5 c6 13. Ba2 b3 14. Bb1 0-0 15. c3 Ba7 16. d4 c5 17. Bg5 f6 18. Bh4 c4 19. d5 Bc8 20. Nd2 Bd7 21. Qe2 Rc8 22. Kh1 Qe8 23. Bg3 Bxa4 24. f4 Nb7 25. f5 Bb5 26. Nf3 Qh5 27. Be1 a5 28. h3 a4 29. Kh2 Bc5 30. g4 Qf7 31. Bf2 a3 32. bxa3 Ra8 33. Bxc5 Nxc5 34. Rg1 h6 35. Nh4 Ra4 36. Ng6 Rfa8 37. h4 Rxa3 38. Rxa3 Rxa3 39. g5 Kh7 40. Nxe5 Qe8 41. Ng6 Nd3 42. gxh6 1/2-1/2

[Event "HUN-chT2 Charousek 0910"]
[Site "Hungary"]
[Date "2009.12.06"]
[Round "3"]
[White "Sipos, Janos"]
[Black "Jamrich, Gyorgy"]
[Result "1-0"]
[WhiteElo "2257"]
[BlackElo "2322"]
[PlyCount "101"]
[EventDate "2009.11.08"]
[EventType "team-tourn"]
[EventRounds "11"]
[EventCountry "HUN"]
[SourceTitle "EXT 2011"]
[Source "ChessBase"]
[SourceDate "2010.11.26"]
[SourceVersion "1"]
[SourceVersionDate "2010.11.26"]
[SourceQuality "1"]
[WhiteTeam "Aquaprofit II"]
[BlackTeam "Tatai Honved"]
[WhiteTeamCountry "HUN"]
[BlackTeamCountry "HUN"]

1. Nf3 d5 2. d4 Nc6 3. Bf4 e6 4. e3 Bd6 5. Bg3 Qe7 6. a3 a6 7. Nbd2 Bxg3 8. hxg3 e5 9. dxe5 Nxe5 10. Nb3 Nf6 11. Nxe5 Qxe5 12. Qd4 Qxd4 13. exd4 Bf5 14. 0-0-0 b6 15. f3 Kd7 16. g4 Bg6 17. Re1 a5 18. Kd2 Kd6 19. Nc1 c5 20. dxc5+ bxc5 21. a4 d4 22. Bc4 Nd5 23. Bxd5 Kxd5 24. Re7 Rhe8 25. Rhe1 Rxe7 26. Rxe7 Kd6 27. Rb7 Kc6 28. Rb5 c4 29. Ne2 Rd8 30. Nf4 Rd7 31. Rxa5 Rb7 32. Kc1 Re7 33. Ra8 Re1+ 34. Kd2 Rb1 35. Rc8+ Kd6 36. Rxc4 Rxb2 37. Nxg6 fxg6 38. Rxd4+ Ke5 39. Rd7 Ra2 40. Rxg7 Rxa4 41. Rxh7 Kf4 42. Rf7+ Kg3 43. Kd3 Kxg2 44. c4 Kg3 45. c5 Kh4 46. c6 Ra6 47. c7 Rc6 48. Kd4 Kg5 49. Kd5 Rc1 50. Kd6 Rd1+ 51. Ke7 1-0